Welding Science, Metallurgy And Technology (Record no. 319246)

MARC details
000 -LEADER
fixed length control field 00421nam a2200157Ia 4500
008 - FIXED-LENGTH DATA ELEMENTS--GENERAL INFORMATION
fixed length control field 230718s9999 xx 000 0 und d
041 ## - LANGUAGE CODE
Language code of text/sound track or separate title eng
082 ## - DEWEY DECIMAL CLASSIFICATION NUMBER
Classification number 671.52
Item number BAN
100 ## - MAIN ENTRY--PERSONAL NAME
Personal name Banerjee A.
9 (RLIN) 116361
245 ## - TITLE STATEMENT
Title Welding Science, Metallurgy And Technology
260 ## - PUBLICATION, DISTRIBUTION, ETC. (IMPRINT)
Name of publisher, distributor, etc. New Central Book Agency
300 ## - PHYSICAL DESCRIPTION
Extent 285
365 ## - TRADE PRICE
Currency code Rs.
Price amount 195.00
700 ## - ADDED ENTRY--PERSONAL NAME
Personal name Banerjee A.
9 (RLIN) 116361
906 ## - LOCAL DATA ELEMENT F, LDF (RLIN)
d B:540105-Aug-2008
c MECH
b 39
Holdings
Withdrawn status Lost status Damaged status Not for loan Home library Current library Date acquired Vendor Budget Code Cost, normal purchase price Bill number Total Checkouts Full call number Barcode Date last seen Discount Cost, replacement price Bill Date Koha item type Original Barcode
        Cummins College of Engineering for Women Pune Cummins College of Engineering for Women Pune 03/10/2008 Tbs MECH 156.00 5401   671.52 CCEP-BK-30453 18/07/2023 39 195.00 05/08/2008 Books 030453